[Event "BL2-Sued 2122"]
[Site "Germany"]
[Date "2022.06.19"]
[Round "8.1"]
[White "Lobron, Eric"]
[Black "Pavlidis, Antonios"]
[Result "1-0"]
[WhiteElo "2503"]
[BlackElo "2546"]
[PlyCount "107"]
[EventDate "2022.03.05"]
[EventType "team-tourn"]
[EventRounds "10"]
[EventCountry "GER"]
[SourceTitle "EXT 2023"]
[Source "ChessBase"]
[SourceDate "2022.10.05"]
[SourceVersion "1"]
[SourceVersionDate "2022.10.05"]
[SourceQuality "1"]
[WhiteTeam "Schott Mainz"]
[BlackTeam "Speyer Schwegenheim"]
[WhiteTeamCountry "GER"]
[BlackTeamCountry "GER"]

1. Nf3 Nf6 2. c4 g6 3. g3 Bg7 4. Bg2 0-0 5. 0-0 d6 6. Nc3 e5 7. d3 Nc6 8. Rb1 a5 9. a3 Nd4 10. Nxd4 exd4 11. Nb5 Ne8 12. e3 dxe3 13. Bxe3 c6 14. Nc3 Nf6 15. h3 Be6 16. Ne2 Re8 17. Nf4 Bd7 18. Qd2 a4 19. Rbe1 Qa5 20. Qc1 Re5 21. Bd2 Qb6 22. Bc3 Rxe1 23. Rxe1 Re8 24. Rxe8+ Nxe8 25. Ne2 h5 26. Bxg7 Nxg7 27. Nc3 Qd4 28. Qe3 Nf5 29. Qxd4 Nxd4 30. Ne4 Bf5 31. Nxd6 Bxd3 32. Nxb7 Bxc4 33. f4 Kf8 34. Kf2 Ke7 35. Nc5 Bb5 36. g4 hxg4 37. hxg4 Kd6 38. Ne4+ Ke7 39. Nc3 Kd6 40. Ne4+ Ke7 41. Ke3 Nc2+ 42. Kd2 Nd4 43. Nc3 Kd6 44. Be4 f5 45. Ke3 Kc5 46. Bb1 fxg4 47. Bxg6 Nf3 48. Bh5 Nh2 49. Ne4+ Kb6 50. f5 Kc7 51. Kf4 Bd3 52. f6 Kd8 53. Nc5 Bc4 54. Bxg4 1-0

[Event "BL2-Sued 2122"]
[Site "Germany"]
[Date "2022.05.01"]
[Round "4.1"]
[White "Lobron, Eric"]
[Black "Plenca, Jadranko"]
[Result "1-0"]
[WhiteElo "2503"]
[BlackElo "2446"]
[PlyCount "83"]
[EventDate "2022.03.05"]
[EventType "team-tourn"]
[EventRounds "10"]
[EventCountry "GER"]
[SourceTitle "EXT 2023"]
[Source "ChessBase"]
[SourceDate "2022.10.05"]
[SourceVersion "1"]
[SourceVersionDate "2022.10.05"]
[SourceQuality "1"]
[WhiteTeam "Schott Mainz"]
[BlackTeam "Schoenaich"]
[WhiteTeamCountry "GER"]
[BlackTeamCountry "GER"]

1. Nf3 d5 2. c4 e6 3. g3 Nf6 4. Bg2 Be7 5. 0-0 0-0 6. d4 Nbd7 7. Qc2 c6 8. Nbd2 b6 9. e4 dxc4 10. Nxc4 Bb7 11. a3 c5 12. e5 Nd5 13. dxc5 Nxc5 14. Nd6 Bxd6 15. Ng5 g6 16. exd6 Qxd6 17. b4 Nd7 18. Bb2 f6 19. Ne4 Qe7 20. Rfe1 Rfd8 21. Rad1 Rac8 22. Qb3 Ba8 23. Ng5 fxg5 24. Bxd5 Bxd5 25. Qxd5 Kf7 26. Qb3 Nf6 27. Rb1 Rd5 28. Re3 Qd6 29. Rbe1 Nd7 30. Rf3+ Kg8 31. Rfe3 Kf7 32. h3 b5 33. Rf3+ Kg8 34. Rfe3 Kf7 35. Rf3+ Kg8 36. Kg2 e5 37. Re4 Qe6 38. Rd3 Nf6 39. Rxd5 Nxd5 40. Kg1 Rc4 41. Rxe5 Qc6 42. Qd3 1-0

[Event "BL2-Sued 2122"]
[Site "Germany"]
[Date "2022.04.30"]
[Round "3.1"]
[White "Macovei, Andrei"]
[Black "Lobron, Eric"]
[Result "1-0"]
[WhiteElo "2453"]
[BlackElo "2503"]
[PlyCount "83"]
[EventDate "2022.03.05"]
[EventType "team-tourn"]
[EventRounds "10"]
[EventCountry "GER"]
[SourceTitle "EXT 2023"]
[Source "ChessBase"]
[SourceDate "2022.10.05"]
[SourceVersion "1"]
[SourceVersionDate "2022.10.05"]
[SourceQuality "1"]
[WhiteTeam "Stuttgart"]
[BlackTeam "Schott Mainz"]
[WhiteTeamCountry "GER"]
[BlackTeamCountry "GER"]

1. e4 e6 2. d4 d5 3. Nc3 Bb4 4. e5 c5 5. a3 Ba5 6. b4 cxd4 7. Nb5 Bc7 8. f4 Bd7 9. Nf3 Bxb5 10. Bxb5+ Nc6 11. Nxd4 Nge7 12. 0-0 0-0 13. Nxc6 bxc6 14. Bd3 a5 15. Rb1 axb4 16. axb4 g6 17. Kh1 Nf5 18. g4 Ng7 19. Bb2 Qh4 20. Kg2 Rfb8 21. Bc3 c5 22. Be1 Qe7 23. bxc5 Qxc5 24. Bf2 Qc6 25. Qf3 h5 26. h3 Qc3 27. Be1 Qd4 28. Bh4 Rxb1 29. Rxb1 Ra1 30. Bf2 Qa4 31. Rb7 Qc6 32. Rb5 Ra2 33. Rb1 Qa8 34. Qe3 hxg4 35. hxg4 d4+ 36. Qf3 g5 37. Be4 Qa3 38. Rb7 Qa4 39. Qh3 gxf4 40. Qh7+ Kf8 41. Qh8+ Ke7 42. Qxg7 1-0

[Event "Karlsruhe Grenke op"]
[Site "Karlsruhe"]
[Date "2019.04.21"]
[Round "6"]
[White "Hristodoulou, Panagiotis"]
[Black "Lobron, Eric"]
[Result "0-1"]
[WhiteElo "2315"]
[BlackElo "2508"]
[PlyCount "79"]
[EventDate "2019.04.18"]
[EventType "swiss"]
[EventRounds "9"]
[EventCountry "GER"]
[SourceTitle "CBM 189 Extra"]
[Source "ChessBase"]
[SourceDate "2019.06.03"]
[SourceVersion "1"]
[SourceVersionDate "2019.06.03"]
[SourceQuality "1"]

1. e4 c6 2. Nc3 d5 3. d3 e5 4. Nf3 Nf6 5. Bd2 Bd6 6. g3 0-0 7. Bg2 dxe4 8. Nxe4 Nxe4 9. dxe4 Na6 10. Qe2 Qb6 11. b3 Nc5 12. 0-0 a5 13. Bc3 Qc7 14. a4 Bg4 15. h3 Bh5 16. Qc4 Rfe8 17. Nh4 Bf8 18. Bf3 Bxf3 19. Nxf3 b6 20. Rfd1 Nb7 21. Kg2 Nd6 22. Qe2 f6 23. h4 h5 24. Nd2 Qf7 25. Nf1 Ra7 26. f3 f5 27. Rd3 Re6 28. exf5 Qxf5 29. Re3 e4 30. fxe4 Nxe4 31. Re1 Rae7 32. Bb2 Qd5 33. Kh2 Re8 34. Qf3 g6 35. Rd3 Qc5 36. c4 Ng5 37. hxg5 Rxe1 38. Bd4 Qxg5 39. Ne3 h4 40. Qxc6 0-1

[Event "Karlsruhe Grenke op"]
[Site "Karlsruhe"]
[Date "2019.04.20"]
[Round "5"]
[White "Lobron, Eric"]
[Black "Domingo Nunez, Alejandro"]
[Result "1/2-1/2"]
[WhiteElo "2508"]
[BlackElo "2396"]
[PlyCount "98"]
[EventDate "2019.04.18"]
[EventType "swiss"]
[EventRounds "9"]
[EventCountry "GER"]
[SourceTitle "CBM 189 Extra"]
[Source "ChessBase"]
[SourceDate "2019.06.03"]
[SourceVersion "1"]
[SourceVersionDate "2019.06.03"]
[SourceQuality "1"]

1. Nf3 Nf6 2. c4 b6 3. d4 e6 4. g3 Bb7 5. Bg2 Be7 6. 0-0 0-0 7. Nc3 Ne4 8. Nxe4 Bxe4 9. Ne1 Bxg2 10. Nxg2 d5 11. cxd5 Qxd5 12. Nf4 Qb7 13. Be3 Rd8 14. Qb3 Na6 15. Rac1 Rac8 16. Rfd1 c6 17. Nd3 Nc7 18. f3 Ne8 19. Bf2 Bf6 20. Nc5 Qe7 21. Ne4 e5 22. Qa4 exd4 23. Rxc6 Rxc6 24. Qxc6 Be5 25. f4 Bf6 26. Kf1 Qb4 27. Nxf6+ gxf6 28. b3 Qc5 29. Qxc5 bxc5 30. e3 Nd6 31. exd4 Nb5 32. Rd3 Nxd4 33. b4 Rc8 34. bxc5 Nc6 35. Rd6 f5 36. Ke2 Kf8 37. Kd3 Ke7 38. Kc4 Nd8 39. Ra6 Nc6 40. Ra3 Rb8 41. Rb3 Na5+ 42. Kc3 Nxb3 43. axb3 Kd7 44. Kd4 Rxb3 45. Ke5 a5 46. Kxf5 Rd3 47. Ke4 Rd1 48. Bd4 a4 49. Be5 Re1+ 1/2-1/2

[Event "Karlsruhe Grenke op"]
[Site "Karlsruhe"]
[Date "2019.04.19"]
[Round "2"]
[White "Kersten, Uwe"]
[Black "Lobron, Eric"]
[Result "1/2-1/2"]
[WhiteElo "2241"]
[BlackElo "2508"]
[PlyCount "118"]
[EventDate "2019.04.18"]
[EventType "swiss"]
[EventRounds "9"]
[EventCountry "GER"]
[SourceTitle "CBM 189 Extra"]
[Source "ChessBase"]
[SourceDate "2019.06.03"]
[SourceVersion "1"]
[SourceVersionDate "2019.06.03"]
[SourceQuality "1"]

1. e4 g6 2. d4 Bg7 3. Nf3 d6 4. Bc4 c6 5. Bb3 Nf6 6. Nbd2 0-0 7. 0-0 Na6 8. Re1 Nc7 9. c3 a5 10. a4 Rb8 11. h3 d5 12. e5 Nh5 13. Nf1 Ne6 14. N1h2 f5 15. exf6 Bxf6 16. Ng4 Nef4 17. Bc2 Qd6 18. Nfe5 Bg7 19. Bd3 b6 20. Bf1 c5 21. g3 Ne6 22. Nh6+ Bxh6 23. Bxh6 Nhg7 24. Bg2 Bb7 25. Qd2 Rbd8 26. f4 cxd4 27. cxd4 Rc8 28. Bxg7 Nxg7 29. Kh2 Rc7 30. Rac1 Rfc8 31. Rxc7 Qxc7 32. Ng4 Nf5 33. Ne3 Qd6 34. Nxf5 gxf5 35. Re5 e6 36. Qe2 Rc6 37. g4 fxg4 38. Qxg4+ Kh8 39. Qg3 Rc8 40. Qg4 Re8 41. Kh1 Bc6 42. b3 Bd7 43. Qh4 Rf8 44. Bf1 Rf7 45. Bd3 Qe7 46. Rg5 Be8 47. Bg6 Rf8 48. Bd3 Rf7 49. Bg6 Rg7 50. Bxe8 Qxe8 51. Rxg7 Kxg7 52. Qg5+ Qg6 53. Qe7+ Kg8 54. Qd8+ Kf7 55. Qc7+ Kf6 56. Qe5+ Kf7 57. Qc7+ Kg8 58. Qd8+ Kg7 59. Qe7+ Kg8 1/2-1/2

[Event "BL2-West 1819"]
[Site "Germany"]
[Date "2019.04.07"]
[Round "9.1"]
[White "Lobron, Eric"]
[Black "Seel, Christian"]
[Result "1/2-1/2"]
[WhiteElo "2512"]
[BlackElo "2481"]
[PlyCount "56"]
[EventDate "2018.11.21"]
[EventType "team-tourn"]
[EventRounds "9"]
[EventCountry "GER"]
[SourceTitle "CBM 190 Extra"]
[Source "ChessBase"]
[SourceDate "2019.07.15"]
[SourceVersion "1"]
[SourceVersionDate "2019.07.15"]
[SourceQuality "1"]
[WhiteTeam "Mainz Schott"]
[BlackTeam "Aachen SV"]
[WhiteTeamCountry "GER"]
[BlackTeamCountry "GER"]

1. e4 e5 2. Nf3 Nc6 3. Bc4 Bc5 4. c3 Nf6 5. d3 0-0 6. 0-0 d5 7. exd5 Nxd5 8. Re1 Bg4 9. h3 Bh5 10. Nbd2 Nb6 11. Bb5 Bd6 12. Ne4 f5 13. Bxc6 bxc6 14. Ng3 Bxf3 15. Qxf3 Qd7 16. Bd2 e4 17. Qe2 Bxg3 18. fxg3 exd3 19. Qf2 Rae8 20. b3 Re4 21. c4 Nc8 22. Rad1 Qe6 23. Bc3 Rd8 24. Kh2 a6 25. Qf3 Ne7 26. Rf1 Re3 27. Qf4 Rd7 28. Qg5 Ng6 1/2-1/2

[Event "BL2-West 1819"]
[Site "Germany"]
[Date "2019.02.24"]
[Round "7.1"]
[White "Lobron, Eric"]
[Black "Dubiel, Jacek"]
[Result "1/2-1/2"]
[WhiteElo "2512"]
[BlackElo "2434"]
[PlyCount "49"]
[EventDate "2018.11.21"]
[EventType "team-tourn"]
[EventRounds "9"]
[EventCountry "GER"]
[SourceTitle "CBM 190 Extra"]
[Source "ChessBase"]
[SourceDate "2019.07.15"]
[SourceVersion "1"]
[SourceVersionDate "2019.07.15"]
[SourceQuality "1"]
[WhiteTeam "Mainz Schott"]
[BlackTeam "Oberursel"]
[WhiteTeamCountry "GER"]
[BlackTeamCountry "GER"]

1. d4 d5 2. Nf3 Nf6 3. e3 e6 4. Bd3 c5 5. b3 Nc6 6. 0-0 Bd6 7. Bb2 b6 8. Nbd2 Bb7 9. a3 0-0 10. Qe2 Rc8 11. Ne5 Qc7 12. f4 Ne7 13. Rf3 c4 14. bxc4 dxc4 15. Ndxc4 Bxf3 16. Qxf3 b5 17. Nxd6 Qxd6 18. Qh3 Qd5 19. g4 Ne4 20. g5 Nf5 21. Qg2 Nfd6 22. Rf1 Rc7 23. Bc1 Kh8 24. Qh3 Kg8 25. Qg2 1/2-1/2

[Event "BL2-West 1819"]
[Site "Germany"]
[Date "2019.02.03"]
[Round "6.1"]
[White "Chatalbashev, Boris"]
[Black "Lobron, Eric"]
[Result "1/2-1/2"]
[WhiteElo "2531"]
[BlackElo "2512"]
[PlyCount "138"]
[EventDate "2018.11.21"]
[EventType "team-tourn"]
[EventRounds "9"]
[EventCountry "GER"]
[SourceTitle "CBM 190 Extra"]
[Source "ChessBase"]
[SourceDate "2019.07.15"]
[SourceVersion "1"]
[SourceVersionDate "2019.07.15"]
[SourceQuality "1"]
[WhiteTeam "Remagen Sinzig"]
[BlackTeam "Mainz Schott"]
[WhiteTeamCountry "GER"]
[BlackTeamCountry "GER"]

1. d4 d5 2. c4 e6 3. Nc3 a6 4. cxd5 exd5 5. Nf3 Nf6 6. Bg5 Be6 7. Qb3 Nbd7 8. Qxb7 Rb8 9. Qxa6 Rxb2 10. a3 Be7 11. g3 0-0 12. Bg2 Ne4 13. Bxe7 Qxe7 14. Nd1 Rb3 15. Qc6 Rxa3 16. Rxa3 Qxa3 17. 0-0 Rc8 18. Ne3 Nc3 19. Re1 h6 20. g4 Qb2 21. Kf1 Nb8 22. Qc5 Ne4 23. Qc1 Qb6 24. Qb1 Qa7 25. Qb2 Nd7 26. Rc1 Rb8 27. Qc2 Ndf6 28. Ne5 Qa3 29. Nd3 Rb3 30. Qxc7 Nd2+ 31. Kg1 Nc4 32. Nc2 Qa2 33. h3 Rc3 34. Qb8+ Kh7 35. Nde1 Nd7 36. Qb4 Rb3 37. Qe7 Qb2 38. Ra1 Nf6 39. Ra8 Rc3 40. Qf8 Rxc2 41. Qh8+ Kg6 42. Nf3 Qc1+ 43. Bf1 Nxg4 44. Rg8 Nge3 45. Rxg7+ Kf6 46. Qxh6+ Ke7 47. Qg5+ Kd7 48. fxe3 Nxe3 49. Ne5+ Kc7 50. Qf4 Nxf1 51. Nd3+ Qxf4 52. Nxf4 Bxh3 53. Nxh3 Ne3 54. Rxf7+ Kc6 55. Nf4 Rd2 56. Kf2 Nc2 57. Rf6+ Kb5 58. Nxd5 Rxd4 59. Nc7+ Kc4 60. Rc6+ Kb3 61. Ne6 Rc4 62. Rd6 Kb4 63. Kf3 Rc3+ 64. Kf4 Rc4+ 65. e4 Kc3 66. Rd7 Ne1 67. Kf5 Nd3 68. Nf4 Nc5 69. Ne2+ Kb4 1/2-1/2

[Event "BL2-Sued 1617"]
[Site "Germany"]
[Date "2017.05.07"]
[Round "9.1"]
[White "Sadzikowski, Daniel"]
[Black "Lobron, Eric"]
[Result "1/2-1/2"]
[WhiteElo "2538"]
[BlackElo "2528"]
[PlyCount "27"]
[EventDate "2016.10.16"]
[EventType "team-tourn"]
[EventRounds "9"]
[EventCountry "GER"]
[SourceTitle "EXT 2018"]
[Source "ChessBase"]
[SourceDate "2017.10.13"]
[SourceVersion "1"]
[SourceVersionDate "2017.10.13"]
[SourceQuality "1"]
[WhiteTeam "Heusenstamm"]
[BlackTeam "Schott Mainz"]
[WhiteTeamCountry "GER"]
[BlackTeamCountry "GER"]

1. e4 c6 2. d4 d5 3. exd5 cxd5 4. Bd3 Nc6 5. c3 Qc7 6. Ne2 Bg4 7. 0-0 e6 8. Qe1 Bd6 9. f3 Bf5 10. Bxf5 exf5 11. Nf4+ Kf8 12. Nxd5 Bxh2+ 13. Kh1 Bd6 14. Ne3 1/2-1/2

[Event "BL2-Sued 1617"]
[Site "Germany"]
[Date "2017.03.19"]
[Round "7.1"]
[White "Kryvoruchko, Yuriy"]
[Black "Lobron, Eric"]
[Result "1/2-1/2"]
[WhiteElo "2701"]
[BlackElo "2528"]
[PlyCount "78"]
[EventDate "2016.10.16"]
[EventType "team-tourn"]
[EventRounds "9"]
[EventCountry "GER"]
[SourceTitle "EXT 2018"]
[Source "ChessBase"]
[SourceDate "2017.10.13"]
[SourceVersion "1"]
[SourceVersionDate "2017.10.13"]
[SourceQuality "1"]
[WhiteTeam "Viernheim"]
[BlackTeam "Schott Mainz"]
[WhiteTeamCountry "GER"]
[BlackTeamCountry "GER"]

1. e4 c6 2. d4 d5 3. e5 Bf5 4. Nf3 e6 5. Be2 c5 6. Be3 cxd4 7. Nxd4 Ne7 8. 0-0 Nbc6 9. Bb5 a6 10. Bxc6+ Nxc6 11. Nxf5 exf5 12. f4 d4 13. Bf2 Bc5 14. Qd3 Qd7 15. a3 0-0 16. Nd2 Rfd8 17. Rad1 Qe6 18. Nf3 h6 19. Rd2 Rd5 20. Rfd1 Rad8 21. Qf1 R5d7 22. Rd3 Qa2 23. Rb3 d3 24. Rbxd3 Bxf2+ 25. Qxf2 Rxd3 26. cxd3 Qb3 27. Qe2 Nd4 28. Nxd4 Rxd4 29. g3 b5 30. Rd2 a5 31. Kf2 Kh7 32. Qe3 Qd5 33. Qf3 Qd7 34. Ke2 b4 35. axb4 Rxb4 36. Kf1 a4 37. Kg2 Qb5 38. Qe2 Qd5+ 39. Qf3 Qb5 1/2-1/2

[Event "Amsterdam Batavia Grolsch blitz 9th"]
[Site "Amsterdam"]
[Date "2017.02.23"]
[Round "1"]
[White "Cheng, Bobby Sky"]
[Black "Lobron, Eric"]
[Result "0-1"]
[WhiteElo "2485"]
[BlackElo "2530"]
[PlyCount "54"]
[EventDate "2017.02.23"]
[EventType "tourn (blitz)"]
[EventRounds "9"]
[EventCountry "NED"]
[EventCategory "9"]
[SourceTitle "CBM 177 Extra"]
[Source "ChessBase"]
[SourceDate "2017.04.27"]
[SourceVersion "1"]
[SourceVersionDate "2017.04.27"]
[SourceQuality "1"]

1. b3 e5 2. Bb2 d6 3. e3 Nf6 4. c4 Be7 5. Nc3 0-0 6. g3 c6 7. Nf3 e4 8. Nd4 d5 9. cxd5 cxd5 10. d3 Bg4 11. Be2 Bxe2 12. Qxe2 Na6 13. dxe4 dxe4 14. 0-0 Nc5 15. b4 Ncd7 16. Nf5 Re8 17. Rfd1 Bf8 18. Nd5 Re6 19. Nxf6+ Rxf6 20. Bxf6 Qxf6 21. Nd4 Ne5 22. Kg2 Bxb4 23. Rab1 Bc5 24. Rxb7 g6 25. h3 Bb6 26. Qc2 Nd3 27. Rxd3 exd3 0-1

[Event "Amsterdam Batavia Grolsch blitz 9th"]
[Site "Amsterdam"]
[Date "2017.02.23"]
[Round "9"]
[White "Lobron, Eric"]
[Black "Lai, Hing Ting"]
[Result "0-1"]
[WhiteElo "2530"]
[BlackElo "2557"]
[PlyCount "134"]
[EventDate "2017.02.23"]
[EventType "tourn (blitz)"]
[EventRounds "9"]
[EventCountry "NED"]
[EventCategory "9"]
[SourceTitle "CBM 177 Extra"]
[Source "ChessBase"]
[SourceDate "2017.04.27"]
[SourceVersion "1"]
[SourceVersionDate "2017.04.27"]
[SourceQuality "1"]

1. Nf3 Nf6 2. g3 b6 3. Bg2 Bb7 4. 0-0 c5 5. c4 g6 6. Nc3 Bg7 7. Re1 d5 8. cxd5 Nxd5 9. d4 Nd7 10. Nxd5 Bxd5 11. e4 Bb7 12. d5 0-0 13. Qc2 e6 14. Bg5 Qc7 15. Rad1 Ne5 16. Bf4 Nxf3+ 17. Bxf3 Qe7 18. h4 Rfe8 19. d6 Qd7 20. h5 e5 21. Be3 Rad8 22. Rd2 Bc6 23. Red1 Qe6 24. Be2 Rd7 25. h6 Bf8 26. Bc4 Qh3 27. Bd5 Bxd5 28. Rxd5 Bxh6 29. Bxh6 Qxh6 30. b4 cxb4 31. Qc6 Red8 32. Rxe5 Qf8 33. Red5 f6 34. Qc4 Kg7 35. Qxb4 Qf7 36. Qd4 Qe6 37. e5 Kf7 38. Rd3 Rc8 39. exf6 Qe1+ 40. Kg2 Rc1 41. Kf3 Qh1+ 42. Kf4 Qh6+ 43. Kf3 Qh1+ 44. Kf4 b5 45. Re5 Rc4 46. Re7+ Rxe7 47. fxe7 Qc1+ 48. Ke5 Rxd4 49. Rxd4 Qc5+ 50. Rd5 Qc3+ 51. Ke4 Qc4+ 52. Rd4 Qe6+ 53. Kf4 Qf6+ 54. Ke3 Qe5+ 55. Re4 Qc3+ 56. Ke2 Qc2+ 57. Kf3 Qd3+ 58. Re3 Qd5+ 59. Ke2 Qc4+ 60. Ke1 Qc1+ 61. Ke2 Qc4+ 62. Kf3 Qd5+ 63. Kf4 Qxd6+ 64. Kg4 Qd7+ 65. Kf3 Qd5+ 66. Ke2 Ke8 67. g4 Qxa2+ 0-1

[Event "BL2-Sued 1617"]
[Site "Germany"]
[Date "2016.10.16"]
[Round "1.1"]
[White "Lobron, Eric"]
[Black "Krasenkow, Michal"]
[Result "1/2-1/2"]
[WhiteElo "2518"]
[BlackElo "2629"]
[PlyCount "47"]
[EventDate "2016.10.16"]
[EventType "team-tourn"]
[EventRounds "9"]
[EventCountry "GER"]
[SourceTitle "CBM 175 Extra"]
[Source "ChessBase"]
[SourceDate "2016.12.12"]
[SourceVersion "1"]
[SourceVersionDate "2016.12.12"]
[SourceQuality "1"]
[WhiteTeam "Schott Mainz"]
[BlackTeam "Deizisau"]
[WhiteTeamCountry "GER"]
[BlackTeamCountry "GER"]

1. d4 d6 2. Nf3 Bg4 3. e3 Nd7 4. h3 Bh5 5. c4 e5 6. Nc3 c6 7. Be2 Ngf6 8. Qb3 Bxf3 9. Bxf3 Qc7 10. Bd2 Be7 11. g4 0-0 12. 0-0 Nb6 13. Rac1 Qd7 14. Rfd1 exd4 15. exd4 d5 16. cxd5 Nfxd5 17. a4 a5 18. Nxd5 Nxd5 19. Bxd5 cxd5 20. Bf4 Rfd8 21. Kg2 Bb4 22. Qf3 b5 23. axb5 Qxb5 24. b3 1/2-1/2

[Event "BL2-Sued 1516"]
[Site "Germany"]
[Date "2015.11.15"]
[Round "3.2"]
[White "Schroeder, Jan Christian"]
[Black "Lobron, Eric"]
[Result "0-1"]
[WhiteElo "2511"]
[BlackElo "2529"]
[PlyCount "86"]
[EventDate "2015.09.20"]
[EventType "team-tourn"]
[EventRounds "9"]
[EventCountry "GER"]
[SourceTitle "EXT 2017"]
[Source "ChessBase"]
[SourceDate "2016.10.25"]
[SourceVersion "1"]
[SourceVersionDate "2016.10.25"]
[SourceQuality "1"]
[WhiteTeam "Hofheim"]
[BlackTeam "Schott Mainz"]
[WhiteTeamCountry "GER"]
[BlackTeamCountry "GER"]

1. e4 c6 2. d4 d5 3. e5 Bf5 4. Nf3 e6 5. Be2 Ne7 6. 0-0 h6 7. Nbd2 Nd7 8. Nb3 g5 9. Ne1 c5 10. Nxc5 Nxc5 11. dxc5 Nc6 12. Bd3 Bxc5 13. Bxf5 exf5 14. Nd3 Bb6 15. Qh5 Qe7 16. e6 0-0-0 17. exf7 Rh7 18. Re1 Qxf7 19. Qxf7 Rxf7 20. Be3 Ba5 21. Red1 f4 22. Bc5 f3 23. g3 h5 24. Be3 g4 25. h4 d4 26. Bg5 Re8 27. Nf4 Rh7 28. a3 Bc7 29. Re1 Rxe1+ 30. Rxe1 Bxf4 31. gxf4 Kd7 32. f5 Rh8 33. Re6 Rf8 34. Bf6 Re8 35. Rxe8 Kxe8 36. Kh2 Kf7 37. Bh8 a6 38. Kg3 Ne7 39. Kf4 Nxf5 40. Be5 Ke6 41. Bh8 Kd5 42. Bf6 Nd6 43. c3 d3 0-1

[Event "Keres Memorial rap2"]
[Site "Tallinn"]
[Date "2004.11.26"]
[Round "1"]
[White "Khalifman, Alexander"]
[Black "Lobron, Eric"]
[Result "1/2-1/2"]
[WhiteElo "2669"]
[BlackElo "2509"]
[PlyCount "29"]
[EventDate "2004.11.26"]
[EventType "tourn (rapid)"]
[EventRounds "5"]
[EventCountry "EST"]
[EventCategory "14"]
[SourceTitle "CBM 105"]
[Source "ChessBase"]
[SourceDate "2005.04.11"]
[SourceVersion "1"]
[SourceVersionDate "2005.04.11"]
[SourceQuality "1"]

1. e4 c5 2. Nf3 Nc6 3. Nc3 e5 4. Bc4 d6 5. d3 Be7 6. 0-0 h6 7. Ne1 Bg5 8. f4 exf4 9. Bxf4 Nf6 10. Nd5 Bxf4 11. Rxf4 Nxd5 12. Bxd5 0-0 13. c3 Be6 14. Bxe6 fxe6 15. Rxf8+ 1/2-1/2

[Event "Amsterdam ACT op 1st"]
[Site "Amsterdam"]
[Date "2004.07.25"]
[Round "9"]
[White "Lobron, Eric"]
[Black "Van Wely, Loek"]
[Result "1/2-1/2"]
[WhiteElo "2493"]
[BlackElo "2680"]
[PlyCount "48"]
[EventDate "2004.07.17"]
[EventType "swiss"]
[EventRounds "9"]
[EventCountry "NED"]
[SourceTitle "CBM 101 Extra"]
[Source "ChessBase"]
[SourceDate "2004.09.01"]
[SourceVersion "2"]
[SourceVersionDate "2004.09.01"]
[SourceQuality "1"]

1. e4 c5 2. Nf3 d6 3. Bb5+ Nc6 4. 0-0 Bd7 5. c3 a6 6. Ba4 b5 7. Bc2 Nf6 8. d4 e5 9. h3 Be7 10. d5 Na5 11. b3 0-0 12. Nh2 c4 13. f4 Nb7 14. Be3 Qc7 15. b4 a5 16. a3 Ra6 17. f5 h6 18. g4 Nh7 19. Nf3 Ng5 20. Kh2 Rfa8 21. Ne1 f6 22. h4 Nh7 23. Nf3 Nd8 24. Rg1 Nf7 1/2-1/2

[Event "Amsterdam ACT op 1st"]
[Site "Amsterdam"]
[Date "2004.07.24"]
[Round "8"]
[White "Sandipan, Chanda"]
[Black "Lobron, Eric"]
[Result "0-1"]
[WhiteElo "2555"]
[BlackElo "2493"]
[PlyCount "108"]
[EventDate "2004.07.17"]
[EventType "swiss"]
[EventRounds "9"]
[EventCountry "NED"]
[SourceTitle "CBM 101 Extra"]
[Source "ChessBase"]
[SourceDate "2004.09.01"]
[SourceVersion "2"]
[SourceVersionDate "2004.09.01"]
[SourceQuality "1"]

1. e4 e6 2. d4 d5 3. Nc3 dxe4 4. Nxe4 Nd7 5. Nf3 Ngf6 6. Nxf6+ Nxf6 7. c3 c5 8. Ne5 a6 9. Qa4+ Bd7 10. Nxd7 Qxd7 11. Qxd7+ Kxd7 12. dxc5 Bxc5 13. Bd3 Rhd8 14. Ke2 Ke7 15. Be3 Bxe3 16. fxe3 Rd5 17. Rad1 Rc8 18. a4 h5 19. Bc2 Rg5 20. g3 h4 21. Kf3 Rh8 22. Rd4 hxg3 23. h4 Re5 24. Rg1 Nh5 25. Be4 Rh6 26. Bxb7 Rf6+ 27. Ke2 Rf2+ 28. Kd3 Rxb2 29. Bf3 Nf6 30. Rxg3 Nd7 31. Rxg7 Nc5+ 32. Kc4 Nxa4 33. Kd3 Nc5+ 34. Kc4 Na4 35. Kd3 Rf2 36. Rxa4 Rxf3 37. Re4 Rxe4 38. Kxe4 Rh3 39. Rh7 a5 40. Kd3 a4 41. Rh8 f5 42. Ra8 f4 43. Ke4 f3 44. Ra7+ Kf6 45. Ra8 Kf7 46. Ra7+ Kg6 47. h5+ Kxh5 48. Kd3 Kg4 49. Rxa4+ Kg3 50. Ra8 Kg2 51. Rf8 Kg1 52. Rf6 f2 53. Rg6+ Kf1 54. Kd2 Rh8 0-1